000
00381nam a2200121Ia 4500
008
260427s2021 xx 000 0 und d
041
_a
hin
082
_a
398.2
100
_a
गो. वि. कुलकर्णी
245
_a
आवाज कोणाचा
260
_b
अभिनंदन प्रकाशन, कोल्हापूर
_c
2021
300
_a
Soft/P-260
999
_c
1221088
_d
1221088